000 00277nam a2200109Ia 4500
001 588852
005 20250717120838.0
008 250717s9999 xx 000 0 und d
245 0 _aY-6 MUHTEŞEM BİLİM İNSANLARI
_cYUSUF ASAL
260 _bERDEM YAYINLARI
_c2020
300 _b151
999 _c588852
_d588852